000 00202 a2200097 4500
001 8902
100 _aTreeble H A
245 _aAn A B C of english usage
260 _a
_bOxford
_c
090 _c7093
_d7093
942 _aNUST-CAE
_cM
_c33704
999 _c243975
_d243975